000 00267nam a2200121Ia 4500
008 190216s9999||||xx |||||||||||||| ||und||
100 _aHicks K
245 0 _aPublic Finance
260 _bMagmillan &co Ltd
_c1955
300 _a358p
650 _aEconomics
942 _cBK
999 _c9284
_d9284